[Event "Regionalliga SO 1314"]
[Site "Bayern"]
[Date "2014.01.19"]
[Round "5.2"]
[White "Gesing, Oliver"]
[Black "Vidonyak, Roman"]
[Result "0-1"]
[WhiteElo "2108"]
[BlackElo "2403"]
[PlyCount "104"]
[EventDate "2013.10.13"]
[EventType "team-tourn"]
[EventRounds "9"]
[EventCountry "GER"]
[SourceTitle "EXT 2015"]
[Source "ChessBase"]
[SourceDate "2014.11.20"]
[SourceVersion "1"]
[SourceVersionDate "2014.11.20"]
[SourceQuality "1"]
[WhiteTeam "Graefelfing"]
[BlackTeam "Tegernsee"]
[WhiteTeamCountry "GER"]
[BlackTeamCountry "GER"]

1. e4 d5 2. exd5 Qxd5 3. Nc3 Qa5 4. d4 c6 5. Bc4 Bf5 6. Nf3 e6 7. Bf4 Nf6 8. 0-0 Nd5 9. Nxd5 cxd5 10. Bd3 Bxd3 11. Qxd3 Be7 12. Rfe1 Qa6 13. Qb3 Nc6 14. c3 0-0 15. Ne5 Nxe5 16. Bxe5 Qc6 17. Re3 f6 18. Bg3 Rae8 19. Rae1 Bd8 20. Qd1 Bb6 21. Rd3 Rf7 22. Qh5 Qc4 23. Rd2 Qxa2 24. Bd6 Qa4 25. Rde2 Qd7 26. Ba3 Bc7 27. g4 Bd6 28. Bxd6 Qxd6 29. Re3 g6 30. Qh6 e5 31. dxe5 fxe5 32. Qg5 e4 33. Rd1 Re5 34. Qh4 g5 35. Qh5 Qf6 36. Rd2 Qf4 37. Kg2 b5 38. Qh3 Kg7 39. Qg3 a6 40. Rd1 Qf6 41. Rh1 Re8 42. h4 Ref8 43. hxg5 Qxf2+ 44. Qxf2 Rxf2+ 45. Kg3 Rxb2 46. Rh6 Rb3 47. Rxa6 b4 48. Rc6 Rxc3 49. Rexc3 bxc3 50. Rxc3 Rf3+ 51. Rxf3 exf3 52. Kxf3 Kg6 0-1

[Event "Regionalliga SO 1314"]
[Site "Bayern"]
[Date "2013.12.15"]
[Round "4.3"]
[White "Gesing, Oliver"]
[Black "Kern, Johannes"]
[Result "0-1"]
[WhiteElo "2108"]
[BlackElo "2212"]
[PlyCount "124"]
[EventDate "2013.10.13"]
[EventType "team-tourn"]
[EventRounds "9"]
[EventCountry "GER"]
[SourceTitle "EXT 2015"]
[Source "ChessBase"]
[SourceDate "2014.11.20"]
[SourceVersion "1"]
[SourceVersionDate "2014.11.20"]
[SourceQuality "1"]
[WhiteTeam "Graefelfing"]
[BlackTeam "Trostberg"]
[WhiteTeamCountry "GER"]
[BlackTeamCountry "GER"]

1. e4 e6 2. d4 b6 3. Nc3 Bb4 4. Bd3 Bb7 5. Nge2 Nf6 6. 0-0 d5 7. Bg5 dxe4 8. Nxe4 Nbd7 9. N2g3 Be7 10. Bd2 0-0 11. Qe2 c5 12. dxc5 Nxc5 13. Nxc5 Bxc5 14. Nh5 Be7 15. Bc3 Qd5 16. Nf4 Qg5 17. Qe5 Qxe5 18. Bxe5 Ng4 19. Bc3 Bd6 20. h3 Ne5 21. Rad1 Nxd3 22. Nxd3 Rfd8 23. Rd2 Rac8 24. Rfd1 Be7 25. Ne1 f6 26. Rxd8+ Rxd8 27. Rxd8+ Bxd8 28. Bb4 Kf7 29. c4 e5 30. Kf1 Ke6 31. Ke2 f5 32. f3 h5 33. b3 h4 34. Nd3 g5 35. a4 e4 36. Ne1 Bf6 37. Bd2 Kd6 38. Bb4+ Ke6 39. fxe4 fxe4 40. Nc2 Kd7 41. Ke3 Be5 42. Bd2 Ke6 43. Nd4+ Kf6 44. Bc3 Bf4+ 45. Ke2 e3 46. Nf3+ Kf5 47. Nd4+ Kg6 48. Nf3 Be4 49. a5 bxa5 50. Bxa5 Kh5 51. Be1 Kg6 52. b4 Kf5 53. b5 Bb1 54. c5 Ke4 55. Bc3 Bd3+ 56. Ke1 Bxb5 57. Bf6 Kd3 58. Be5 Bxe5 59. Nxe5+ Ke4 60. Nf7 Kf4 61. Nd6 Bc6 62. Kf1 a5 0-1

[Event "Regionalliga SO 1213"]
[Site "Bayern"]
[Date "2013.02.24"]
[Round "7.2"]
[White "Gesing, Oliver"]
[Black "Havlik, Jan"]
[Result "0-1"]
[WhiteElo "2078"]
[BlackElo "2260"]
[PlyCount "80"]
[EventDate "2012.10.14"]
[EventType "team-tourn"]
[EventRounds "9"]
[EventCountry "GER"]
[SourceTitle "EXT 2015"]
[Source "ChessBase"]
[SourceDate "2014.11.20"]
[SourceVersion "1"]
[SourceVersionDate "2014.11.20"]
[SourceQuality "1"]
[WhiteTeam "Graefelfing"]
[BlackTeam "Roehrnbach"]
[WhiteTeamCountry "GER"]
[BlackTeamCountry "GER"]

1. e4 e5 2. Nf3 Nc6 3. Bc4 Nf6 4. 0-0 Bc5 5. Nc3 d6 6. Nd5 Bg4 7. c3 Qd7 8. b4 Bb6 9. d3 Ne7 10. Ne3 Bh5 11. a4 c6 12. Qb3 0-0 13. Nh4 d5 14. exd5 cxd5 15. Bb5 Qe6 16. a5 Bxe3 17. Bxe3 a6 18. Ba4 Be2 19. Rfe1 Bxd3 20. Nf3 Ne4 21. Rad1 Bc4 22. Qb2 Nf5 23. Bb6 Rac8 24. Bd7 Qxd7 25. Rxe4 f6 26. Bc5 Rfd8 27. Rxc4 Qa4 28. Qe2 dxc4 29. Qxc4+ Kh8 30. Rxd8+ Rxd8 31. g4 Qd1+ 32. Kg2 Nd6 33. Qe6 Ne4 34. Qb6 Ng5 35. Qxb7 e4 36. Nd4 Qxg4+ 37. Kf1 Qh3+ 38. Ke2 Qd3+ 39. Ke1 Nf3+ 40. Nxf3 Qd1# 0-1

[Event "Regionalliga SO 1213"]
[Site "Bayern"]
[Date "2012.10.14"]
[Round "1.2"]
[White "Krstic, Petar"]
[Black "Gesing, Oliver"]
[Result "1-0"]
[WhiteElo "2267"]
[BlackElo "2078"]
[PlyCount "45"]
[EventDate "2012.10.14"]
[EventType "team-tourn"]
[EventRounds "9"]
[EventCountry "GER"]
[SourceTitle "EXT 2015"]
[Source "ChessBase"]
[SourceDate "2014.11.20"]
[SourceVersion "1"]
[SourceVersionDate "2014.11.20"]
[SourceQuality "1"]
[WhiteTeam "Deggendorf"]
[BlackTeam "Graefelfing"]
[WhiteTeamCountry "GER"]
[BlackTeamCountry "GER"]

1. d4 d5 2. c4 c6 3. Nc3 Nf6 4. e3 e6 5. Nf3 Nbd7 6. Bd3 dxc4 7. Bxc4 b5 8. Be2 Bb7 9. 0-0 a6 10. e4 b4 11. e5 bxc3 12. exf6 Nxf6 13. bxc3 Qc7 14. Rb1 Bd6 15. Qb3 Rb8 16. Ba3 0-0 17. Bxd6 Qxd6 18. Qb4 Qf4 19. Ne5 c5 20. Qxc5 h5 21. Qa7 Qd2 22. Bf3 Bxf3 23. Rxb8 1-0

[Event "Regionalliga SO 1011"]
[Site "Bayern"]
[Date "2011.03.20"]
[Round "8.2"]
[White "Bielmeier, Ludwig"]
[Black "Gesing, Oliver"]
[Result "0-1"]
[WhiteElo "2005"]
[BlackElo "2174"]
[PlyCount "144"]
[EventDate "2010.10.10"]
[EventType "team-tourn"]
[EventRounds "9"]
[EventCountry "GER"]
[SourceTitle "EXT 2012"]
[Source "ChessBase"]
[SourceDate "2011.11.24"]
[SourceVersion "1"]
[SourceVersionDate "2011.11.24"]
[SourceQuality "1"]
[WhiteTeam "Deggendorf"]
[BlackTeam "Graefelfing"]
[WhiteTeamCountry "GER"]
[BlackTeamCountry "GER"]

1. Nf3 Nf6 2. c4 c6 3. d4 d5 4. Nc3 dxc4 5. a4 Bf5 6. Ne5 e6 7. f3 Bb4 8. Nxc4 c5 9. dxc5 Qxd1+ 10. Kxd1 Nc6 11. e4 Bg6 12. Be3 Ke7 13. Be2 Nd7 14. Ke1 Bxc5 15. Kf2 Rhd8 16. Rhd1 Bxe3+ 17. Nxe3 Nc5 18. Rxd8 Rxd8 19. Rd1 Rxd1 20. Nexd1 f6 21. Ne3 Be8 22. Nc4 Nb4 23. a5 Bc6 24. Ke3 e5 25. Bd1 Kd7 26. h4 Ne6 27. g3 Kc7 28. f4 exf4+ 29. gxf4 Nc5 30. Kd4 Ncd3 31. Ke3 Bd7 32. Nd5+ Nxd5+ 33. exd5 Nb4 34. Kd4 Bh3 35. Bf3 Kd7 36. Be4 h6 37. Kc5 Na6+ 38. Kd4 Nb4 39. Kc3 Na2+ 40. Kd4 Nc1 41. Bc2 Ne2+ 42. Ke3 Ng3 43. a6 bxa6 44. Ba4+ Kd8 45. Nd6 Bd7 46. Bc2 Ke7 47. Nc4 Nf5+ 48. Bxf5 Bxf5 49. Kd4 Kd7 50. Kc5 Be4 51. Ne3 a5 52. Kd4 Bf3 53. Nf5 g5 54. fxg5 hxg5 55. hxg5 fxg5 56. Kc5 a4 57. Ne3 g4 58. Nc4 Be2 59. Ne5+ Kd8 60. Kd4 g3 61. Ke3 Bd1 62. Nc6+ Kc7 63. Nxa7 Kb6 64. Nc8+ Kc5 65. Ne7 g2 66. Kf2 Bf3 67. d6 Kxd6 68. Nf5+ Kc5 69. Ne3 Kb4 70. Nf5 Be4 71. Nd4 Kc4 72. Ne2 Kb3 0-1

[Event "Regionalliga SO 1011"]
[Site "Bayern"]
[Date "2011.02.27"]
[Round "7.2"]
[White "Schmidt, Wolfgang"]
[Black "Gesing, Oliver"]
[Result "1-0"]
[WhiteElo "2235"]
[BlackElo "2174"]
[PlyCount "65"]
[EventDate "2010.10.10"]
[EventType "team-tourn"]
[EventRounds "9"]
[EventCountry "GER"]
[SourceTitle "EXT 2012"]
[Source "ChessBase"]
[SourceDate "2011.11.24"]
[SourceVersion "1"]
[SourceVersionDate "2011.11.24"]
[SourceQuality "1"]
[WhiteTeam "Landshut"]
[BlackTeam "Graefelfing"]
[WhiteTeamCountry "GER"]
[BlackTeamCountry "GER"]

1. e4 e6 2. d4 d5 3. Nc3 Bb4 4. exd5 exd5 5. Bd3 Nc6 6. a3 Ba5 7. Be3 Nf6 8. h3 a6 9. Qf3 Be6 10. Nge2 h6 11. 0-0 0-0 12. Na4 b5 13. Nc5 Bc8 14. b4 Bb6 15. Bf4 Re8 16. c3 Nb8 17. Ng3 Nbd7 18. a4 bxa4 19. Rxa4 c6 20. Rfa1 Nxc5 21. dxc5 Bc7 22. Bxa6 Bxa6 23. Rxa6 Rxa6 24. Rxa6 Bxf4 25. Qxf4 Re1+ 26. Kh2 Qe8 27. Rb6 Qe6 28. Qf5 Qxf5 29. Nxf5 Ne4 30. f3 Nxc3 31. Rxc6 Rb1 32. Rb6 Ne2 33. Ne7+ 1-0

[Event "Regionalliga SO 1011"]
[Site "Bayern"]
[Date "2011.02.06"]
[Round "6.2"]
[White "Gesing, Oliver"]
[Black "Huch, Reiner"]
[Result "1/2-1/2"]
[WhiteElo "2174"]
[BlackElo "2286"]
[PlyCount "111"]
[EventDate "2010.10.10"]
[EventType "team-tourn"]
[EventRounds "9"]
[EventCountry "GER"]
[SourceTitle "EXT 2012"]
[Source "ChessBase"]
[SourceDate "2011.11.24"]
[SourceVersion "1"]
[SourceVersionDate "2011.11.24"]
[SourceQuality "1"]
[WhiteTeam "Graefelfing"]
[BlackTeam "Trostberg"]
[WhiteTeamCountry "GER"]
[BlackTeamCountry "GER"]

1. e4 e6 2. d4 d5 3. Nc3 Nf6 4. Bg5 dxe4 5. Nxe4 Be7 6. Nxf6+ Bxf6 7. Bxf6 Qxf6 8. Qd2 c5 9. 0-0-0 cxd4 10. Nf3 Nc6 11. Nxd4 Nxd4 12. Qxd4 Qxd4 13. Rxd4 Bd7 14. Be2 Bc6 15. Rhd1 e5 16. Rd6 Ke7 17. Bf3 e4 18. Bg4 g6 19. c4 f5 20. Be2 a5 21. Kc2 Rhf8 22. Kc3 Rac8 23. R1d2 Rc7 24. a3 Rf6 25. Rd8 Be8 26. R8d5 a4 27. Re5+ Re6 28. Rxe6+ Kxe6 29. Kb4 Bc6 30. c5 Ke5 31. Bd1 f4 32. Kc4 g5 33. Bg4 h5 34. Bxh5 Rh7 35. Bg4 Rxh2 36. Rd6 b5+ 37. Kc3 Rxg2 38. Rxc6 Rxg4 39. Rg6 Rg1 40. c6 Kf5 41. Kc2 Rh1 42. c7 Rh8 43. Rc6 Rc8 44. Kd2 Ke5 45. Rc5+ Kd4 46. Rxg5 Rxc7 47. Rxb5 e3+ 48. fxe3+ fxe3+ 49. Kd1 Rh7 50. Rb8 Rh1+ 51. Ke2 Rh2+ 52. Kd1 Kd3 53. Rd8+ Kc4 54. Re8 Rxb2 55. Rxe3 Rb3 56. Rxb3 1/2-1/2

[Event "Regionalliga SO 1011"]
[Site "Bayern"]
[Date "2010.10.10"]
[Round "1.1"]
[White "Gesing, Oliver"]
[Black "Graf, Christian"]
[Result "1-0"]
[WhiteElo "2174"]
[BlackElo "2066"]
[PlyCount "91"]
[EventDate "2010.10.10"]
[EventType "team-tourn"]
[EventRounds "9"]
[EventCountry "GER"]
[SourceTitle "EXT 2012"]
[Source "ChessBase"]
[SourceDate "2011.11.24"]
[SourceVersion "1"]
[SourceVersionDate "2011.11.24"]
[SourceQuality "1"]
[WhiteTeam "Graefelfing"]
[BlackTeam "Pang/Rosenheim II"]
[WhiteTeamCountry "GER"]
[BlackTeamCountry "GER"]

1. e4 c6 2. Nc3 d5 3. Nf3 Bg4 4. h3 Bh5 5. exd5 cxd5 6. Bb5+ Nc6 7. g4 Bg6 8. Ne5 Rc8 9. h4 f6 10. Nxg6 hxg6 11. d4 e6 12. Qe2 Kf7 13. Be3 Bb4 14. h5 gxh5 15. gxh5 Qa5 16. Kf1 Bxc3 17. bxc3 Nh6 18. Re1 Rce8 19. Bd3 Nf5 20. Qg4 Nce7 21. Bd2 a6 22. Rg1 Reg8 23. Qe2 Qb6 24. a4 Qd6 25. Bf4 Qc6 26. a5 g5 27. hxg6+ Rxg6 28. Rxg6 Nxg6 29. Bg3 Rh1+ 30. Kg2 Rxe1 31. Qxe1 Nxg3 32. fxg3 f5 33. Qd2 Kg7 34. g4 Qd6 35. gxf5 Nh4+ 36. Kh3 Nf3 37. Qg2+ Kh8 38. Qxf3 exf5 39. Qxf5 Qh6+ 40. Kg3 Qe3+ 41. Kh4 Qe1+ 42. Kg5 Qg3+ 43. Qg4 Qe3+ 44. Qf4 Qg1+ 45. Kf5 Qh1 46. Kf6 1-0

[Event "Regionalliga SO 0910"]
[Site "Bayern"]
[Date "2010.04.11"]
[Round "9.2"]
[White "Kretschel, Klaus"]
[Black "Gesing, Oliver"]
[Result "0-1"]
[WhiteElo "2033"]
[BlackElo "2157"]
[PlyCount "194"]
[EventDate "2009.10.18"]
[EventType "team-tourn"]
[EventRounds "9"]
[EventCountry "GER"]
[SourceTitle "EXT 2011"]
[Source "ChessBase"]
[SourceDate "2010.11.26"]
[SourceVersion "1"]
[SourceVersionDate "2010.11.26"]
[SourceQuality "1"]
[WhiteTeam "Unterpfaffenhofen"]
[BlackTeam "Graefelfing"]
[WhiteTeamCountry "GER"]
[BlackTeamCountry "GER"]

1. d4 d5 2. c4 c6 3. Nf3 Nf6 4. Nc3 dxc4 5. a4 Bf5 6. e3 e6 7. Bxc4 Bb4 8. 0-0 0-0 9. Qe2 Nbd7 10. Na2 Bd6 11. Rd1 Qc7 12. Nc3 Bg4 13. h3 Bxf3 14. Qxf3 e5 15. Ba2 Rad8 16. Bd2 exd4 17. exd4 Qb6 18. Bg5 Rfe8 19. Rd2 Qa5 20. Bxf6 Nxf6 21. Rad1 Bb4 22. Bb1 Re6 23. Bc2 Qg5 24. Rd3 Rde8 25. g3 Bxc3 26. bxc3 Nd5 27. R3d2 Rf6 28. Qd3 Qh5 29. Kg2 Rg6 30. Qf5 Qxf5 31. Bxf5 Rf6 32. Bd7 Re7 33. Bc8 Nxc3 34. Ra1 Rd6 35. Rd3 Nd5 36. a5 Rd8 37. Bg4 g6 38. Rb1 Nf6 39. Bf3 Nd5 40. Rdb3 Rdd7 41. Bxd5 cxd5 42. Kf3 Kf8 43. Rc1 Rd6 44. Rc8+ Kg7 45. Rb8 Rf6+ 46. Kg2 Re2 47. Rf3 Ra2 48. Rxb7 Rxa5 49. Rd7 Rxf3 50. Kxf3 Kf6 51. g4 Ke6 52. Rd8 Ra3+ 53. Kg2 Ra4 54. Re8+ Kf6 55. Ra8 h5 56. Kg3 Ra3+ 57. f3 h4+ 58. Kf2 Kg5 59. Rd8 Kf4 60. Rxd5 Ra2+ 61. Ke1 Kxf3 62. Rd7 f5 63. gxf5 gxf5 64. d5 f4 65. d6 Ra5 66. Rd8 Rd5 67. Rd7 a5 68. Rd8 a4 69. d7 Rd6 70. Ra8 Rxd7 71. Rxa4 Kg3 72. Ra8 Rd3 73. Rf8 Ra3 74. Rf7 Ra1+ 75. Ke2 Ra2+ 76. Kf1 Rh2 77. Kg1 Rxh3 78. Rf8 Kg4 79. Rg8+ Kf3 80. Rh8 Rg3+ 81. Kh2 Rg4 82. Rf8 Rg2+ 83. Kh1 Rd2 84. Rg8 h3 85. Rf8 Kg3 86. Rg8+ Kf2 87. Rf8 f3 88. Re8 Kf1 89. Re3 f2 90. Kh2 Re2 91. Ra3 Rd2 92. Re3 Re2 93. Ra3 Ke1 94. Ra1+ Kd2 95. Kg3 h2 96. Rf1 Ke3 97. Kg2 Re1 0-1